Movies Quiz

Random Movies or Box Office Quiz

Which Movie Grossed More? Quiz Stats

 Plays Quiz Updated Dec 29, 2018

Support Sporcle.
Go Orange.
Score 0/20 Timer 02:00
2 Plays Today
Movies Higher Gross (A or B?) % Correct
A) E.T. OR B) A.I.???
88.6%
A) Up OR B) Knocked Up???
81.3%
A) Sex and the City OR B) xXx???
77.5%
A) Titanic OR B) Avatar???
75.8%
A) Doctor Zhivago OR B) Sleepless in Seattle???
69.5%
A) Stuart Little OR B) Chicken Little???
68%
A) Shrek OR B) Shrek 2???
65.6%
A) Rocky OR B) Rocky Horror???
65.1%
A) The Santa Clause OR B) Elf???
64.5%
A) The Godfather OR B) Lara Croft: Tomb Raider???
64.2%
Movies Higher Gross (A or B?) % Correct
A) King Kong (2005) OR B) The King's Speech???
57.4%
A) A Bug's Life OR B) Happy Feet???
55.8%
A) The Sound of Music OR B) The Silence of the Lambs???
51.6%
A) The Rock OR B) Edward Scissorhands???
47.4%
A) My Big Fat Greek Wedding OR B) Wedding Crashers???
43.2%
A) Little Fockers OR B) 40-Year-Old Virgin???
41.3%
A) Get Smart OR B) Dumb & Dumber???
38.6%
A) Gone with the Wind OR B) Mrs. Doubtfire???
36.7%
A) Bee Movie OR B) The Sting???
35.9%
A) The Passion of the Christ OR B) LOTR: The Two Towers???
34.9%

From the Vault

MLB Home Run Leader by Name Length

by Ben

Sports 2m
Jarrod Saltalamacchia has a long ways to go.
Remove Ads.
Support Sporcle.
Get the best of Sporcle when you Go Orange. This ad-free experience offers more features, more stats, and more fun while also helping to support Sporcle. Thank you for becoming a member.

Show Comments

Extras

Top Quizzes Today


Score Distribution

Your Account Isn't Verified!

In order to create a playlist on Sporcle, you need to verify the email address you used during registration. Go to your Sporcle Settings to finish the process.

Report this User

Report this user for behavior that violates our Community Guidelines.

Details: